000 00233 a2200097 4500
001 24994
100 _aCunningham, J
245 _aComplex variable methods in science & technology
260 _a
_bD.Van Nost
_c
090 _c16940
_d16940
942 _aNUST-CAE
_cM
_c7714
999 _c260067
_d260067